The Bushes : Portrait of a dynasty

A portrait of the Bush family ranges from its humble origins in Plymouth, Massachusetts, through the presidential administrations of George and George W. Bush, and details the family's business dealings and rivalries.

Guardado en:
Detalles Bibliográficos
Autor principal: Schweizer, Peter
Formato: Libro
Lenguaje:Undetermined
Publicado: New York Random House Audio 2004
Materias:
Etiquetas: Agregar Etiqueta
Sin Etiquetas, Sea el primero en etiquetar este registro!
Thư viện lưu trữ: Trung tâm Học liệu Trường Đại học Cần Thơ
LEADER 00841nam a2200217Ia 4500
001 CTU_187739
008 210402s9999 xx 000 0 und d
082 |a 428.24 
082 |b S413/Cas.2 
100 |a Schweizer, Peter 
245 4 |a The Bushes : 
245 0 |b Portrait of a dynasty 
245 0 |c Peter Schweizer, Rochelle Schweizer, Harry Chase 
260 |a New York 
260 |b Random House Audio 
260 |c 2004 
520 |a A portrait of the Bush family ranges from its humble origins in Plymouth, Massachusetts, through the presidential administrations of George and George W. Bush, and details the family's business dealings and rivalries. 
650 |a English language,Ngôn ngữ Anh 
650 |x Study and teaching,Học và dạy 
904 |i Giang 
980 |a Trung tâm Học liệu Trường Đại học Cần Thơ